| 000 | 00714nam a22001817a 4500 | ||
|---|---|---|---|
| 005 | 20241015122511.0 | ||
| 010 | _aHIN-128631 | ||
| 020 |
_c350.00 _a9789384260118 |
||
| 035 | _aHN-100977 | ||
| 037 | _bDBAD | ||
| 082 | _aक | ||
| 100 |
_aसूरत सिंह _972833 |
||
| 245 |
_aजरा याद कुर्बानी एव अन्य कहानियां/ _cसूरत सिंह |
||
| 260 |
_bसामूहिक प्रकाशन _c2021 _aदिल्ली |
||
| 270 |
_bदिल्ली _a28/64, गली नंबर. 15,विश्वास नगर, _e110032 |
||
| 300 |
_a 112 पृ. _c24 से.मी (सजिल्द) |
||
| 942 |
_2ddc _cHN _hक _mसूरत |
||
| 999 |
_c206411 _d206411 |
||